COMESA climate change initiative: progress and prospects, 2008 - 2012 (Record no. 79484)

MARC details
000 -LEADER
fixed length control field 01062nam a2200181 a 4500
008 - FIXED-LENGTH DATA ELEMENTS--GENERAL INFORMATION
fixed length control field 130722s2012 ||||||||||||||||| || u
050 ## - LIBRARY OF CONGRESS CALL NUMBER
Classification number COMESA(058)
110 ## - MAIN ENTRY--CORPORATE NAME
Corporate name or jurisdiction name as entry element Common Market for Eastern and Southern Africa (COMESA)
245 10 - TITLE STATEMENT
Title COMESA climate change initiative: progress and prospects, 2008 - 2012
Statement of responsibility, etc. by Common Market for Eastern and Southern Africa [COMESA]
260 ## - PUBLICATION, DISTRIBUTION, ETC.
Place of publication, distribution, etc. Lusaka:
Name of publisher, distributor, etc. Common Market for Eastern and Southern Africa (COMESA)
Date of publication, distribution, etc. 2012
300 ## - PHYSICAL DESCRIPTION
Extent 27p.: ill.
362 1# -
-- <p>December 2012</p>
650 ## - SUBJECT ADDED ENTRY--TOPICAL TERM
Topical term or geographic name entry element ENVIRONMENTAL ASPECTS--DEVELOPING COUNTRIES
650 ## - SUBJECT ADDED ENTRY--TOPICAL TERM
Topical term or geographic name entry element CLIMATE CHANGES--COMESA REGION
995 ## -
-- SPECIAL COLLECTIONS
-- 783
-- CBU-MAIN LIBRARY (Kitwe)
-- COMESA(058)CCI/2012A
-- 1
-- AVAILABLE
-- Jul 22, 2013
-- B783
-- International Publications
995 ## -
-- SPECIAL COLLECTIONS
-- 784
-- CBU-MAIN LIBRARY (Kitwe)
-- COMESA(058)CCI/2012B
-- 2
-- AVAILABLE
-- Jul 22, 2013
-- B784
-- International Publications
995 ## -
-- SPECIAL COLLECTIONS
-- 785
-- CBU-MAIN LIBRARY (Kitwe)
-- COMESA(058)CCI/2012C
-- 3
-- AVAILABLE
-- Jul 22, 2013
-- B785
-- International Publications
999 ## -
-- 79484
-- 79484
Holdings
Withdrawn status Lost status Source of classification or shelving scheme Damaged status Not for loan Permanent Location Current Location Shelving location Date acquired Total Checkouts Full call number Barcode Date last seen Copy number Price effective from Koha item type
          CBU-MAIN LIBRARY, KITWE. CBU-MAIN LIBRARY, KITWE.   06/29/2023   COMESA(058)CCI/2012A B783 06/29/2023 1 06/29/2023 SPECIAL COLLECTION
          CBU-MAIN LIBRARY, KITWE. CBU-MAIN LIBRARY, KITWE.   06/29/2023   COMESA(058)CCI/2012B B784 06/29/2023 2 06/29/2023 SPECIAL COLLECTION
          CBU-MAIN LIBRARY, KITWE. CBU-MAIN LIBRARY, KITWE.   06/29/2023   COMESA(058)CCI/2012C B785 06/29/2023 3 06/29/2023 SPECIAL COLLECTION